| 000 | 00501nam a22001577a 4500 | ||
|---|---|---|---|
| 082 | _aT-115 | ||
| 100 |
_aMajor Masood Ahmed _948475 |
||
| 245 |
_aAnalysis of islamabad highway to ascertain the causes of failure and suggest remadial measures _cMajor Masood Ahmed |
||
| 260 |
_aRisalpur _bMCE _c2000 |
||
| 300 | _avi, 83.p: | ||
| 526 |
_a0 _b0 _c0 _dT_115 |
||
| 650 |
_aNational Institute of Transportation _948476 |
||
| 650 |
_aThesis _934811 |
||
| 700 |
_aMajor Masood Ahmed _948475 |
||
| 942 |
_2ddc _cBK |
||
| 999 |
_c551414 _d551414 |
||